| 000 | 00000nam 2200000za 4500 |
| 001 | 9.644023 |
| 003 | CaOODSP |
| 005 | 20210624224442 |
| 007 | cr ||||||||||| |
| 008 | 150407|2012||||xxc|||||o f|0| 0 fre d |
| 040 | |aCaOODSP|bfre |
| 043 | |an-cn--- |
| 086 | 1 |aNH21-1/2012F-PDF |
| 110 | 2 |aSociété canadienne d'hypothèques et de logement. |
| 245 | 10|aL'achat de votre première maison au Canada : |h[ressource électronique]|bguide à l'intention des nouveaux arrivants |
| 260 | |aOttawa - Ontario : |bSociété canadienne d'hypothèques et de logement |cc2012. |
| 300 | |a11p.|bphotographies |
| 590 | |a14-20-Supp|b2014-11-25 |
| 775 | 08|tBuying your first home in Canada |w(CaOODSP)9.700118 |
| 775 | 08|tL'achat de votre première maison au Canada |w(CaOODSP)9.801394 |
| 775 | 08|tBuying your first home in Canada |w(CaOODSP)9.801397 |
| 775 | 08|tL'achat de votre première maison au Canada |w(CaOODSP)9.801398 |
| 775 | 08|tBuying your first home in Canada |w(CaOODSP)9.801402 |
| 775 | 08|tL'achat de votre première maison au Canada |w(CaOODSP)9.801403 |
| 775 | 08|t[L'achat de votre première maison au Canada : |w(CaOODSP)9.822384 |
| 775 | 08|t[L'achat de votre première maison au Canada : |w(CaOODSP)9.822387 |
| 775 | 08|t[L'achat de votre première maison au Canada : |w(CaOODSP)9.822391 |
| 856 | 40|ahttp://publications.gc.ca|qPDF|s262 Ko|uhttps://publications.gc.ca/collections/collection_2014/schl-cmhc/NH21-1-2012-fra.pdf |